000 00407nam a2200169Ia 4500
003 OSt
005 20240205144432.0
008 170619s9999 xx 000 0 und d
020 _a9788120308787
040 _cIIMT ENGINEERING COLLEGE
100 _aBhattacharya
245 0 _aSemiconductor Optoelectronics Devices
260 _bNew Delhi: PHI
260 _c1999
546 _aENGLISH
942 _2ddc
_c02
999 _c16349
_d16349